<?xml version="1.0" encoding="UTF-8"?>
<record
    xmlns:xsi="http://www.w3.org/2001/XMLSchema-instance"
    xsi:schemaLocation="http://www.loc.gov/MARC21/slim http://www.loc.gov/standards/marcxml/schema/MARC21slim.xsd"
    xmlns="http://www.loc.gov/MARC21/slim">

  <leader>00717cam a2200241 a 4500</leader>
  <controlfield tag="005">20251004081028.0</controlfield>
  <datafield tag="020" ind1=" " ind2=" ">
    <subfield code="a">9966846048</subfield>
    <subfield code="c">TZS 4,675/=</subfield>
  </datafield>
  <datafield tag="020" ind1=" " ind2=" ">
    <subfield code="a">9966846048</subfield>
    <subfield code="c">TZS 4,675/=</subfield>
  </datafield>
  <datafield tag="040" ind1=" " ind2=" ">
    <subfield code="a">MCCL</subfield>
    <subfield code="b">eng</subfield>
    <subfield code="e">AACR 2nd rev. ed</subfield>
  </datafield>
  <datafield tag="082" ind1=" " ind2=" ">
    <subfield code="a">340 BHA</subfield>
  </datafield>
  <datafield tag="100" ind1="1" ind2=" ">
    <subfield code="a">Bhalla, R.S.</subfield>
  </datafield>
  <datafield tag="245" ind1="1" ind2="3">
    <subfield code="a">Concepts of Jurisprudence :</subfield>
    <subfield code="c">R.S. Bhalla</subfield>
  </datafield>
  <datafield tag="246" ind1="3" ind2="0">
    <subfield code="a">Jurisprudence</subfield>
  </datafield>
  <datafield tag="260" ind1=" " ind2=" ">
    <subfield code="a">Nairobi :</subfield>
    <subfield code="b">Nairobi University Press,</subfield>
    <subfield code="c">c1990.</subfield>
  </datafield>
  <datafield tag="300" ind1=" " ind2=" ">
    <subfield code="a">x, 188 p. :</subfield>
    <subfield code="b">ill.;</subfield>
    <subfield code="c">21 cm. </subfield>
  </datafield>
  <datafield tag="504" ind1=" " ind2=" ">
    <subfield code="a">Includes bibliographical references and index.</subfield>
  </datafield>
  <datafield tag="546" ind1=" " ind2=" ">
    <subfield code="a">eng</subfield>
  </datafield>
  <datafield tag="650" ind1=" " ind2="0">
    <subfield code="a">Jurisprudence</subfield>
  </datafield>
  <datafield tag="650" ind1=" " ind2="0">
    <subfield code="a">Legal theory</subfield>
    <subfield code="z">India</subfield>
    <subfield code="b">Jurisprudence and Legal theory</subfield>
  </datafield>
  <datafield tag="650" ind1=" " ind2="0">
    <subfield code="a">Jurisprudence</subfield>
  </datafield>
  <datafield tag="700" ind1="1" ind2=" ">
    <subfield code="a">Edgar Bodenheimer</subfield>
  </datafield>
  <datafield tag="942" ind1=" " ind2=" ">
    <subfield code="c">BK</subfield>
  </datafield>
  <datafield tag="999" ind1=" " ind2=" ">
    <subfield code="c">11783</subfield>
    <subfield code="d">11783</subfield>
  </datafield>
  <datafield tag="952" ind1=" " ind2=" ">
    <subfield code="0">0</subfield>
    <subfield code="1">0</subfield>
    <subfield code="4">0</subfield>
    <subfield code="7">0</subfield>
    <subfield code="a">MU002</subfield>
    <subfield code="b">MU002</subfield>
    <subfield code="d">2006-06-01</subfield>
    <subfield code="e">Nairobi University Bookshop</subfield>
    <subfield code="l">0</subfield>
    <subfield code="o">340 BHA</subfield>
    <subfield code="p">001112</subfield>
    <subfield code="r">2025-10-04 08:11:57</subfield>
    <subfield code="t">1</subfield>
    <subfield code="w">2025-10-04</subfield>
    <subfield code="y">BK</subfield>
  </datafield>
  <datafield tag="952" ind1=" " ind2=" ">
    <subfield code="0">0</subfield>
    <subfield code="1">0</subfield>
    <subfield code="4">0</subfield>
    <subfield code="7">0</subfield>
    <subfield code="a">MU002</subfield>
    <subfield code="b">MU002</subfield>
    <subfield code="d">2006-06-01</subfield>
    <subfield code="e">Nairobi University Bookshop</subfield>
    <subfield code="l">0</subfield>
    <subfield code="o">340 BHA</subfield>
    <subfield code="p">001113</subfield>
    <subfield code="r">2025-10-04 08:11:57</subfield>
    <subfield code="t">2</subfield>
    <subfield code="w">2025-10-04</subfield>
    <subfield code="y">BK</subfield>
  </datafield>
  <datafield tag="952" ind1=" " ind2=" ">
    <subfield code="0">0</subfield>
    <subfield code="1">0</subfield>
    <subfield code="4">0</subfield>
    <subfield code="7">0</subfield>
    <subfield code="a">MU002</subfield>
    <subfield code="b">MU002</subfield>
    <subfield code="d">2006-06-01</subfield>
    <subfield code="e">Nairobi University Bookshop</subfield>
    <subfield code="l">0</subfield>
    <subfield code="o">340 BHA</subfield>
    <subfield code="p">001114</subfield>
    <subfield code="r">2025-10-04 08:11:57</subfield>
    <subfield code="t">3</subfield>
    <subfield code="w">2025-10-04</subfield>
    <subfield code="y">BK</subfield>
  </datafield>
</record>
